Guía de 12 puntos para la formación y la educación en derechos humanos de los funcionarios del Estado

Sparad:
Bibliografiska uppgifter
Materialtyp: Text
Ämnen:
Taggar: Lägg till en tagg
Inga taggar, Lägg till första taggen!

MARC

LEADER 00000 a a2200000 04500
001 2146
003
040
245 |a Guía de 12 puntos para la formación y la educación en derechos humanos de los funcionarios del Estado  
650 |a ESTADO  
650 |a DERECHOS HUMANOS  
650 |a CAPACITACION  
650 |a ESTADO  
650 |a EDUCACION  
650 |a PROYECTO DE DESARROLLO  
650 |a ORGANIZACIONES INTERNACIONALES  
773 |g número 47; páginas 35-40  
999 |c 32964  |d 32964